Départements français par deux premières et dernières lettres - Statistiques

Statistiques générales
  • Ce quiz a été pris 58 004 fois
  • Le résultat moyen est 76 sur 202
Réponses sur la Carte
Les réponses sont colorées sur une échelle allant du rouge au vert en fonction du pourcentage des utilisateurs qui les ont devinées à leur premier essai. Vous pouvez retrouver ces pourcentages ci-dessous.
 
Statistiques - réponses
Réponse % Correct
Paris - début
64%
Pas-de-Calais - début
64%
Haute-Corse - début
63%
Haute-Garonne - début
63%
Haute-Loire - début
63%
Haute-Marne - début
63%
Hautes-Alpes - début
63%
Haute-Saône - début
63%
Haute-Savoie - début
63%
Hautes-Pyrénées - début
63%
Haute-Vienne - début
63%
Haut-Rhin - début
63%
Hauts-de-Seine - début
63%
Maine-et-Loire - début
62%
Manche - début
62%
Marne - début
62%
Martinique - début
62%
Mayenne - début
62%
Mayotte - début
62%
Eure - fin
60%
Nord - début
60%
Corrèze - début
59%
Corse-du-Sud - début
59%
Côte-d'Or - début
59%
Côtes-d'Armor - début
59%
Creuse - fin
57%
Finistère - fin
57%
Haute-Loire - fin
57%
Indre-et-Loire - fin
57%
Indre - fin
57%
Isère - fin
57%
Loire-Atlantique - début
57%
Loire - début
57%
Loire - fin
57%
Loir-et-Cher - début
57%
Loiret - début
57%
Lot - début
57%
Lot-et-Garonne - début
57%
Lozère - début
57%
Lozère - fin
57%
Maine-et-Loire - fin
57%
Nièvre - fin
57%
Saône-et-Loire - fin
57%
Haute-Corse - fin
56%
Meuse - fin
56%
Oise - fin
56%
Seine-et-Marne - début
56%
Seine-Maritime - début
56%
Seine-Saint-Denis - début
56%
Val-d'Oise - fin
56%
Vaucluse - fin
56%
Finistère - début
51%
Allier - début
50%
Alpes-de-Haute-Provence - début
49%
Alpes-Maritimes - début
49%
Cantal - fin
49%
Aisne - fin
48%
Bouches-du-Rhône - fin
48%
Dordogne - fin
48%
Essonne - fin
48%
Guyane - fin
48%
Haute-Garonne - fin
48%
Haute-Marne - fin
48%
Haute-Saône - fin
48%
Haute-Vienne - fin
48%
Hauts-de-Seine - fin
48%
Ille-et-Vilaine - fin
48%
Lot-et-Garonne - fin
48%
Marne - fin
48%
Mayenne - fin
48%
Morbihan - début
48%
Moselle - début
48%
Orne - fin
48%
Rhône - fin
48%
Seine-et-Marne - fin
48%
Tarn-et-Garonne - fin
48%
Val-de-Marne - fin
48%
Vienne - fin
48%
Yonne - fin
48%
Charente-Maritime - fin
44%
Drôme - fin
44%
Meurthe-et-Moselle - début
44%
Meuse - début
44%
Puy-de-Dôme - fin
44%
Seine-Maritime - fin
44%
Somme - fin
44%
Ain - début
42%
Aisne - début
42%
Bas-Rhin - début
41%
Isère - début
40%
Paris - fin
40%
Pas-de-Calais - fin
40%
Seine-Saint-Denis - fin
40%
Alpes-Maritimes - fin
38%
Ardèche - début
38%
Ardennes - début
38%
Ardennes - fin
38%
Ariège - début
38%
Deux-Sèvres - fin
38%
Essonne - début
38%
Hautes-Alpes - fin
38%
Hautes-Pyrénées - fin
38%
Landes - fin
38%
Pyrénées-Atlantiques - fin
38%
Pyrénées-Orientales - fin
38%
Var - fin
38%
Vosges - fin
38%
Yvelines - fin
38%
Ille-et-Vilaine - début
37%
Pyrénées-Atlantiques - début
36%
Pyrénées-Orientales - début
36%
Ain - fin
35%
Bas-Rhin - fin
35%
Calvados - début
35%
Cantal - début
35%
Haut-Rhin - fin
35%
Indre - début
35%
Indre-et-Loire - début
35%
Val-de-Marne - début
35%
Val-d'Oise - début
35%
Var - début
35%
Vaucluse - début
35%
Landes - début
34%
La Réunion - début
34%
Guadeloupe - début
33%
Guyane - début
33%
Saône-et-Loire - début
33%
Sarthe - début
33%
Savoie - début
33%
Ardèche - fin
31%
Hérault - début
31%
Manche - fin
31%
Sarthe - fin
31%
Aude - fin
30%
Deux-Sèvres - début
30%
Gironde - début
30%
Gironde - fin
30%
Gard - fin
29%
Nord - fin
29%
Bouches-du-Rhône - début
28%
Charente - début
28%
Charente-Maritime - début
28%
Cher - début
28%
Côte-d'Or - fin
26%
Côtes-d'Armor - fin
26%
Orne - début
26%
Aube - début
25%
Aude - début
25%
Rhône - début
24%
Somme - début
24%
Gard - début
23%
Charente - fin
22%
Mayotte - fin
22%
Meurthe-et-Moselle - fin
22%
Moselle - fin
22%
Territoire de Belfort - début
22%
Morbihan - fin
21%
Oise - début
21%
Vendée - début
21%
Dordogne - début
20%
Doubs - début
20%
Eure - début
20%
Eure-et-Loir - début
20%
Ariège - fin
18%
Gers - début
18%
Tarn - début
18%
Tarn-et-Garonne - début
18%
Loire-Atlantique - fin
17%
Martinique - fin
17%
Allier - fin
16%
Alpes-de-Haute-Provence - fin
16%
Cher - fin
16%
Haute-Savoie - fin
16%
Loir-et-Cher - fin
16%
Savoie - fin
16%
Nièvre - début
15%
Aube - fin
14%
Guadeloupe - fin
14%
Yvelines - début
14%
Aveyron - fin
13%
La Réunion - fin
13%
Aveyron - début
12%
Corse-du-Sud - fin
12%
Jura - début
12%
Vienne - début
12%
Calvados - fin
11%
Creuse - début
11%
Drôme - début
11%
Vosges - début
11%
Jura - fin
10%
Puy-de-Dôme - début
10%
Vendée - fin
10%
Yonne - début
9%
Loiret - fin
8%
Eure-et-Loir - fin
6%
Gers - fin
6%
Hérault - fin
5%
Tarn - fin
5%
Corrèze - fin
4%
Doubs - fin
4%
Territoire de Belfort - fin
4%
Lot - fin
3%
Aucun quiz correspondant
Distribution des résultats
% des personnes avec chaque résultat
Percentile par nombre de réponses
Votre historique - résultats
Vous n’avez pas pris ce quiz